00794nam a2200229 i 4500001000400000100002300004245008600027260006300113300002000176490003100196650003200227830002800259040000800287041000800295044000800303080001900311942000700330008004100337999001700378856009800395952007100493bgj1 aSENGLE, Friedrich.10aDie literarische Formenlehre :bVorschläge zu ihrer Reform /cFriedrich Sengle. aStuttgart :bJ. B. Metzlersche Verlagsbuchhandlung,c1967. a39 s. ;c20 cm. aDichtung und Erkenntnisv1 aJęzyk niemieckixhistoria aDichtung und Erkenntnis cBPK0 ager aDEU a811.112.2(091) cKS s gw f |000 0 ger  c50418d50418 uhttp://koha.tu.koszalin.pl/cgi-bin/koha/opac-detail.pl?biblionumber=50418yKatalog online BPK 00104071aBPKbBPKcehoN 331p02120287t811.112.2(091) Jn-hyKS